| 000 | 01578nam a22003617i 4500 | ||
|---|---|---|---|
| 003 | EG-GICUC | ||
| 005 | 20260404214740.0 | ||
| 008 | 251216r20092007jo ||||fr|||| 00| 0 ara d | ||
| 017 | _a2009/7190 | ||
| 020 | _a9789770459747 | ||
| 040 |
_a EG-GICUC _bara _c EG-GICUC _d EG-GICUC _erda |
||
| 041 | 0 | _aara | |
| 082 | 0 | 4 |
_221 _a343.46 _bه ل . ح |
| 092 | 0 | 4 | _221 |
| 099 | _aLaw1 10 343.46 ه ل . ح 2009 | ||
| 100 | 0 |
_aهلال بن محمد بن حارب البوسعيدي _eمؤلف. |
|
| 245 | 1 | 2 |
_aالحماية القانونية والفنية لقواعد المعلومات المحوسبة : _b( دراسة قانونية وفنية مقارنة ) / _cدكتور هلال بن محمد بن حارب البوسعيدي ؛ احمد عوض بلال ؛ إبراهيم عيد نايل ؛ عمر سالم. |
| 264 | 1 |
_aالقاهرة : _bدار النهضة العربية، _c2009. |
|
| 300 |
_a374 ؛صفحة _c24 سم |
||
| 336 |
_2rda content _atext |
||
| 337 |
_2rda media _aComputer |
||
| 338 |
_2rda carrier _aOnline Resource |
||
| 504 | _a. 311 ببليوجرافيا: صفحات | ||
| 546 | _aالنص باللغة العربية | ||
| 650 | 1 | 4 | _aالتشريعات المتعلقة بتقنية المعلومات |
| 650 | 1 | 4 | _aالقانون الجنائي |
| 700 |
_aاحمد عوض بلال _eمشرف مشارك |
||
| 700 |
_aإبراهيم عيد نايل _eمشرف مشارك |
||
| 700 |
_aعمر سالم _eمشرف مشارك |
||
| 856 | 4 | 0 | _uhttps://fll.law.cu.edu.eg/fulltext/bks/B10-06985.pdf |
| 905 | _a77 | ||
| 942 |
_2ddc _cBK _e21 _n0 |
||
| 999 |
_c50739 _d50739 |
||